The Variations and relationship of leaf SPAD value, agronomic traits and N element content in leaf of rubber tree seedling under low-N stress (Record no. 71155)

MARC details
000 -LEADER
fixed length control field 00694nam a2200181Ia 4500
100 ## - MAIN ENTRY--AUTHOR NAME
Personal name Zhou Jun
245 #4 - TITLE STATEMENT
Title The Variations and relationship of leaf SPAD value, agronomic traits and N element content in leaf of rubber tree seedling under low-N stress
260 ## - PUBLICATION, DISTRIBUTION, ETC. (IMPRINT)
Name of publisher Climate change, low carbon economy and sustainable natural rubber industry: Preprints of proceedings of IRRDB International Rubber Conference 2010, 18-19 October 2010 Sanya, Hainan, China, pp. 109-123.
650 ## - SUBJECT ADDED ENTRY--TOPICAL TERM
Topical Term DBL
650 ## - SUBJECT ADDED ENTRY--TOPICAL TERM
Topical Term LA
650 ## - SUBJECT ADDED ENTRY--TOPICAL TERM
Topical Term LNC
650 ## - SUBJECT ADDED ENTRY--TOPICAL TERM
Topical Term NRA
650 ## - SUBJECT ADDED ENTRY--TOPICAL TERM
Topical Term Values of SPAD
700 ## - ADDED ENTRY--PERSONAL NAME
Personal name Cao Jian-hua
700 ## - ADDED ENTRY--PERSONAL NAME
Personal name Lin Wei-fu
942 ## - ADDED ENTRY ELEMENTS (KOHA)
Koha item type Journals
Holdings
Withdrawn status Lost status Damaged status Not for loan Home library Current library Shelving location Date acquired Koha item type
      Journals RRII Library RRII Library Physiology 05/08/2011 Journals